Consultation on the key findings and recommendations from the National Parks Review (Record no. 109950)
[ view plain ]
| 000 -LEADER | |
|---|---|
| fixed length control field | 01646cad a22002775a 4500 |
| 001 - CONTROL NUMBER | |
| control field | E148207 |
| 008 - FIXED-LENGTH DATA ELEMENTS--GENERAL INFORMATION | |
| fixed length control field | 090819s2009 xxk f s000 0 eng d |
| 020 ## - INTERNATIONAL STANDARD BOOK NUMBER | |
| International Standard Book Number | 9780755975846 |
| 022 1# - INTERNATIONAL STANDARD SERIAL NUMBER | |
| International Standard Serial Number | 0950-2254 |
| 035 ## - SYSTEM CONTROL NUMBER | |
| System control number | (Sirsi) u148207 |
| 041 0# - LANGUAGE CODE | |
| Language code of text/sound track or separate title | eng |
| 050 04 - LIBRARY OF CONGRESS CALL NUMBER | |
| Classification number | 711.558 $2 18 |
| 100 2# - MAIN ENTRY--PERSONAL NAME | |
| Personal name | Mulholland, Shona |
| 245 00 - TITLE STATEMENT | |
| Title | Consultation on the key findings and recommendations from the National Parks Review |
| Remainder of title | analysis of consultation responses |
| Medium | [electronic resource] |
| 260 ## - PUBLICATION, DISTRIBUTION, ETC. | |
| Place of publication, distribution, etc. | Edinbugh |
| Name of publisher, distributor, etc. | Scottish Government Social Research |
| Date of publication, distribution, etc. | 2009 |
| 505 2# - FORMATTED CONTENTS NOTE | |
| Formatted contents note | Executive summary -- Introduction -- The arrangement of free-standing NDPBS for each national park authority -- A ministerially chaired National Parks Strategy Group -- National park authorities working together -- The size of National Park Authority Boards -- The mix of members of National Park Authority Boards -- Appointment of conveners and deputy conveners -- Other comments -- Conclusions |
| 520 ## - SUMMARY, ETC. | |
| Summary, etc. | Discusses the results of a consultation on the key findings and recommendations from the National Park Review, which took place between November 2008 and February 2009 (see E145974). Discusses the responses received to the consultation and looks at other available evidence. |
| 521 ## - TARGET AUDIENCE NOTE | |
| Target audience note | Advanced |
| 590 ## - LOCAL NOTE (RLIN) | |
| Local note | KA |
| 651 #4 - SUBJECT ADDED ENTRY--GEOGRAPHIC NAME | |
| Geographic name | Scotland |
| Chronological subdivision | 1999- |
| 690 ## - LOCAL SUBJECT ADDED ENTRY--TOPICAL TERM (OCLC, RLIN) | |
| Topical term or geographic name as entry element | ENVIRONMENTAL AND LAND CONSULTANCY-ENVIRONMENTAL MANAGEMENT-ENVIRONMENTAL CONSERVATION-LANDSCAPE CONSERVATION |
| 700 1# - ADDED ENTRY--PERSONAL NAME | |
| Personal name | Granville, Sue |
| 700 1# - ADDED ENTRY--PERSONAL NAME | |
| Personal name | Emslie, Lisa |
| 856 40 - ELECTRONIC LOCATION AND ACCESS | |
| Uniform Resource Identifier | <a href="https://www.scotland.gov.uk/Publications/2009/07/07132657/0">https://www.scotland.gov.uk/Publications/2009/07/07132657/0</a> |
| Public note | View the report free of charge at www.scotland.gov.uk... |
| 942 ## - ADDED ENTRY ELEMENTS (KOHA) | |
| Suppress in OPAC | 0 |
| Withdrawn status | Lost status | Source of classification or shelving scheme | Damaged status | Not for loan | Home library | Current library | Shelving location | Date acquired | Total Checkouts | Full call number | Barcode | Date last seen | Copy number | Price effective from | Koha item type |
|---|---|---|---|---|---|---|---|---|---|---|---|---|---|---|---|
| Dewey Decimal Classification | Virtual | Virtual | Online | 19/08/2009 | ONLINE PUBLICATION | 148207-2001 | 06/08/2019 | 1 | 06/08/2019 | Book |